| 000 | 00455cam a2200181ua 4500 | ||
|---|---|---|---|
| 020 | _c200.00 | ||
| 041 |
_aeng _h |
||
| 082 |
_a028.73624 _bCHO/DI |
||
| 100 | _aChopra, U B . | ||
| 245 |
_aDictionary of civil engineering / _cU B Chopra. _hTextual Documents |
||
| 250 |
_a1 / _b. |
||
| 260 |
_aNew Delhi : _bAnmol Publications Pvt Ltd , _c1989. |
||
| 300 | _a303 ; . | ||
| 365 | _a200.00 | ||
| 504 | _a | ||
| 942 | _cBK | ||
| 999 |
_c9001 _d9001 |
||